| 000 | 00627nam a2200217 a 4500 | ||
|---|---|---|---|
| 001 | 6226 | ||
| 003 | CO-ViMGA | ||
| 008 | 141112s2004 ck r 000 u spa d | ||
| 020 | _a8472340929 | ||
| 040 |
_aCO-ViMGA _bspa _cCO-ViMGA |
||
| 082 | 0 | 4 | _aMEVIECAR.64 T677 |
| 100 | 1 |
_aTorres i Graell, Roger _94898 |
|
| 245 | 1 | 0 |
_aLa informática en la explotación porcina / _cTorres i Graell Roger |
| 260 |
_aMadrid : _bDilagro, _c1986 |
||
| 300 | _a119 p | ||
| 590 | _aDatos de inventario : 05675 | ||
| 650 | 1 | 4 |
_aCOMPUTACION _95430 |
| 650 | 1 | 4 |
_aINFORMATICA _95431 |
| 650 | 1 | 4 |
_aPORCICULTURA - INFORMATICA _94899 |
| 942 |
_2ddc _cBK |
||
| 999 |
_c18198 _d18198 |
||